पण्डितराजजगन्नाथकाव्यग्रन्थावली : (Record no. 53130)

MARC details
000 -LEADER
fixed length control field 00713nam a2200181Ia 4500
005 - DATE AND TIME OF LATEST TRANSACTION
control field 20260429112242.0
008 - FIXED-LENGTH DATA ELEMENTS--GENERAL INFORMATION
fixed length control field 260429s9999||||xx |||||||||||||| ||und||
020 ## - INTERNATIONAL STANDARD BOOK NUMBER
International Standard Book Number 9788193630266
041 ## - LANGUAGE CODE
Language Hindi
082 ## - DEWEY DECIMAL CLASSIFICATION NUMBER
Classification number 891.21
Item number DIK
100 ## - MAIN ENTRY--PERSONAL NAME
Personal name दीक्षित, हरिनारायण
245 #0 - TITLE STATEMENT
Title पण्डितराजजगन्नाथकाव्यग्रन्थावली :
Remainder of title हिन्दी अनुवादसहिता /
Statement of responsibility, etc हरिनारायण दीक्षित
250 ## - EDITION STATEMENT
Edition statement 2nd ed.
260 ## - PUBLICATION, DISTRIBUTION, ETC. (IMPRINT)
Place of publication, distribution, etc दिल्ली :
Name of publisher, distributor, etc ईस्टर्न बुक लिंकर,
Date of publication, distribution, etc 2018.
300 ## - PHYSICAL DESCRIPTION
Extent xxvii, 521 p.; Hb
650 ## - SUBJECT ADDED ENTRY--TOPICAL TERM
Topical term or geographic name as entry element Sanskrit Literature
942 ## - ADDED ENTRY ELEMENTS (KOHA)
Koha item type Text Books
Holdings
Withdrawn status Lost status Damaged status Not for loan Collection code Home library Location Shelving location Date of Cataloging Source of acquisition Total Checkouts Full call number Barcode Date last seen Price effective from Koha item type
        Non-fiction CUTN Central Library CUTN Central Library Literature 29/04/2026 Segment Book Distributors, New Delhi - Invoice No. 71458 on 09-02-2026   891. 21 DIK 58390 29/04/2026 29/04/2026 Text Books